| 000 | 01134nam a22002537a 4500 | ||
|---|---|---|---|
| 999 |
_c1589 _d1589 |
||
| 003 | AR-CdUCM | ||
| 008 | 190227b ||||| |||| 00| 0 spa d | ||
| 040 |
_aMUNICIPALIDAD PROVINCIAL DEL CUSCO _cBIBLIOTECA MUNICIPAL DEL CUSCO |
||
| 041 | _heng | ||
| 082 |
_a321 / _bR72 |
||
| 100 |
_aRockefeller,Brother Fund _95968 |
||
| 245 |
_aLa fuerza de la idea democrática : _binforme número VI del Fondo de los Hermanos Rockeller, programa de Estudios Especiales / |
||
| 260 |
_aMéxico D. F. : _bUTEHA, _c1964. |
||
| 300 |
_aXII, 112 páginas ; _c18 cm. |
||
| 440 |
_aManuales Uteha. _nSección 14 _nCiencias sociales 212 _95969 |
||
| 500 | _aAntes del título : Serie los Estados Unidos a mediados del siglo. | ||
| 505 | _aContenido: Los ideales de la democracia -- El consenso, dentro de la sociedad democrática -- Condiciones sociales de un consenso democrático -- El consentimiento de los gobernadores -- el sector privado ... | ||
| 650 |
_aDemocracia _92598 |
||
| 650 |
_aCiencias Políticas _93123 |
||
| 650 |
_aManuales _95970 |
||
| 700 |
_aDe Carbajal, Alicia B. (traducción) _95971 |
||
| 942 |
_2ddc _cLIBROS |
||
| 945 | _aachl | ||